000
00270nam a22001217a 4500
008
181102b xxu||||| |||| 00| 0 eng d
041
_a
eng
080
_2
3th
_a
370
100
_a
47
101
_a
EDU
245
_a
Introduction To Logic
_c
Ballard.K./E
942
_2
udc
_c
BK
999
_c
51661
_d
51661